Loading...
| Arts - Music | 4 | 15.00 | 100% | 25% | 25% |
| Arts - Other Arts | 4 | 17.50 | 100% | 75% | 0% |
| Arts - Painting | 4 | 12.50 | 100% | 25% | 0% |
| History - American | 1 | 20.00 | 100% | 100% | 0% |
| History - American History | 4 | 12.50 | 100% | 25% | 0% |
| History - European | 3 | 10.00 | 100% | 0% | 0% |
| History - Other History | 2 | 15.00 | 100% | 50% | 0% |
| History - World History | 2 | 15.00 | 100% | 50% | 0% |
| Literature - American Lit | 3 | 10.00 | 100% | 0% | 0% |
| Literature - British Lit | 4 | 10.00 | 75% | 25% | 0% |
| Literature - European Lit | 5 | 12.00 | 100% | 20% | 0% |
| Literature - World Lit | 5 | 14.00 | 100% | 40% | 0% |
| Mythology | 3 | 10.00 | 100% | 0% | 0% |
| Other - Geo/CE | 4 | 17.50 | 100% | 75% | 0% |
| Other Academic | 6 | 11.67 | 83% | 17% | 17% |
| Pop Culture | 4 | 15.00 | 100% | 25% | 25% |
| Religion | 4 | 12.50 | 100% | 25% | 0% |
| Science - Biology | 3 | 16.67 | 100% | 33% | 33% |
| Science - Chemistry | 1 | 10.00 | 0% | 100% | 0% |
| Science - Other Science | 4 | 17.50 | 100% | 25% | 50% |
| Science - Physics | 2 | 15.00 | 100% | 50% | 0% |
| Thought - Philosophy | 4 | 10.00 | 100% | 0% | 0% |
| Thought - Social Science | 3 | 16.67 | 100% | 67% | 0% |